Charter and bye-laws of The Royal Medical and Chirurgical Society of London. (Record no. 183741)

MARC details
000 -LEADER
campo de control de longitud fija 00537nam a2200157 i 4500
001 - NÚMERO DE CONTROL
campo de control 183741
003 - IDENTIFICADOR DE NÚMERO DE CONTROL
campo de control ES-MaACL
005 - FECHA Y HORA DE LA ÚLTIMA TRANSACCIÓN
campo de control 20230906221948.0
008 - DATOS DE LONGITUD FIJA--INFORMACIÓN GENERAL
campo de control de longitud fija 141008s1842 xxk |||| | eng d
110 2# - ENTRADA PRINCIPAL--NOMBRE DE ENTIDAD CORPORATIVA
Nombre de entidad corporativa o nombre de jurisdicción como elemento de entrada Royal Medical and Chirurgical Society of London.
9 (RLIN) 155679
245 10 - MENCIÓN DEL TÍTULO
Título Charter and bye-laws of The Royal Medical and Chirurgical Society of London.
260 ## - PUBLICACIÓN, DISTRIBUCIÓN, ETC.
Lugar de publicación, distribución, etc. London :
Nombre del editor, distribuidor, etc. Richard Kinder,
Fecha de publicación, distribución, etc. 1842.
300 ## - DESCRIPCIÓN FÍSICA
Extensión 31 p. ;
Dimensiones 20 cm.
610 24 - PUNTO DE ACCESO ADICIONAL DE MATERIA--NOMBRE DE ENTIDAD CORPORATIVA
Nombre de entidad corporativa o nombre de jurisdicción como elemento de entrada Royal Medical and Chirurgical Society of London.
9 (RLIN) 155679
852 4# - LOCALIZACIÓN
Ubicación ES-MaACL
Número de control de estantería T-16-F-4
Holdings
Estatus retirado Estado de pérdida Estado de daño No para préstamo Colección Biblioteca de origen Biblioteca actual Ubicación en estantería Fecha de adquisición Fuente de adquisición Total de préstamos Signatura topográfica completa Código de barras Visto por última vez Precio de reemplazo Tipo de ítem Koha
        Colección de folletos Biblioteca del Ateneo de Madrid Biblioteca del Ateneo de Madrid Depósito folletos 08/10/2014     T-16-F-4 1193177 23/02/2023 23/02/2023 Folleto